24 leichte Etüden, Op. 100

Hlavní autor: Giuliani, Mauro, 1781-1829
Další autoři: Henze, Bruno, 1900-1978
Jazyk: Nelze použít, není lingvistický obsah
Vydáno: Leipzig : Hofmeister, 1960
Edice: Studien- und Spielmusik für Gitarre
Fyzický popis: 23 s.
Hudebniny Hudebniny
Uloženo v:
LEADER 00977ncm a22002532a 4500
001 001236365
003 CZ BrMZK
005 20120802142021.0
007 qu
008 120802s1960 gw |||||||||||||||||zxx d
040 |a BOA001  |b cze 
072 7 |a 787  |x Hudba pro strunné a smyčcové nástroje  |2 Konspekt  |9 9 
100 1 |a Giuliani, Mauro,  |d 1781-1829  |7 jn19990002705  |4 cmp 
245 1 0 |a 24 leichte Etüden, Op. 100  |h [hudebnina] /  |c Mauro Giuliani ; hrsg. von Bruno Henze 
260 |a Leipzig :  |b Hofmeister,  |c 1960 
300 |a 23 s. 
490 1 |a Studien- und Spielmusik für Gitarre ;  |v Nr. 7294 
700 1 |a Henze, Bruno,  |d 1900-1978  |7 xx0012149  |4 edt 
830 0 |a Studien- und Spielmusik für Gitarre 
910 |a BOA001  |b Mus4-0461.355 
990 |a MU 
991 |b 201208 
996 7 |b 2619075638  |c Mus4-0461.355  |l MZK  |r Sklad / do 1 hodiny  |n 0  |w 001270353  |u 000020  |a 1  |e BOA001  |j MZK50  |s A 
996 7 |b 2619075639  |c Mus4-0461.355  |l MZK  |r Sklad / do 1 hodiny  |n 1  |w 001270353  |u 000010  |a 1  |e BOA001  |j MZK50  |s A